000 00324nam a2200121Ia 4500
008 240624s9999 xx 000 0 und d
041 _aeng
082 _a659.1 STE
100 _aSTEEL JON
245 _aTRUTH LIES AND ADVERTISING THE ART OF AC
260 _c1998
_aNew Delhi
_bJohn Wiley & Sons
300 _a298 : p. : cm. ; 24
999 _c16960
_d16960